000 00513nam a22001817a 4500
005 20251127114603.0
008 251121b |||||||| |||| 00| 0 eng d
020 _a978-81-932450-3-3
041 _aeng
082 _a543 SRI-F
100 _aSRIVASTAVA, DR. B.B.L AND MISHRA, DR. AMARNATH
_98768
245 _aFUNDAMENTAL OF ANALYTICAL CHEMISTRY
250 _aRE.PRINT ED. 2025
260 _aNEW DELHI
_bINNOVATIVE PUBLICATIONS PVT.LTD
_c2025
300 _a106;P
650 _aPHARMACY
_xB.PHARMA
942 _cBK
999 _c8943
_d8941